000 00377nam a2200109Ia 4500
008 180116s9999 xx 000 0 und d
020 _a9780470927946
100 _aIshikawa, Toshihisa
245 _cToshihisa Ishikawa, Richard B. Kim, Jorg Konig
_aPharmacogenomics of Human Drug Transporters :
_bClinical Impacts /
260 _bJohn Wiley & Sons, Inc
_c2013
300 _a422 pages
999 _c353214
_d353214